logo

Bir Sreshtho Munshi Abdur Rouf Library
Jhenaidah Cadet College

You are awesome / (Record no. 14405)

MARC details
000 -LEADER
fixed length control field 00578nam a2200217 a 4500
001 - CONTROL NUMBER
JCCL Control Number 14405
003 - CONTROL NUMBER IDENTIFIER
JCCL marc code BD-JhCC
005 - DATE AND TIME OF LATEST TRANSACTION
control field 20250910092807.0
008 - FIXED-LENGTH DATA ELEMENTS--GENERAL INFORMATION
fixed length control field 250910b2018 nyua|||| ||a| 001 0 eng d
020 ## - INTERNATIONAL STANDARD BOOK NUMBER
International Standard Book Number 9781526361158
035 ## - SYSTEM CONTROL NUMBER
system control number (BD-JhCC)14405
040 ## - CATALOGING SOURCE
Original cataloging agency BD-JhCC
Modifying agency BD-JhCC
041 ## - LANGUAGE CODE
Language code of Book english
082 ## - DEWEY DECIMAL CLASSIFICATION NUMBER
DDC Edition number 23
Classification number 158.1
Author mark and Year SYE 2018
100 ## - MAIN ENTRY--PERSONAL NAME
Personal name Syed,Matthew
245 ## - TITLE STATEMENT
Title You are awesome /
Statement of responsibility, etc Matthew Syed.
260 ## - PUBLICATION, DISTRIBUTION, ETC. (IMPRINT)
Place of publication, distribution, etc London:
Name of publisher, distributor, etc Wren & Rook;
Date of publication, distribution, etc 2018.
300 ## - PHYSICAL DESCRIPTION
Pagination 160 p. :
Other physical details ill;
Dimensions 22 cm.
650 ## - SUBJECT ADDED ENTRY--TOPICAL TERM
Topical term or geographic name as entry element Psychology
Form subdivision Self-actualization (Psychology)
942 ## - ADDED ENTRY ELEMENTS (KOHA)
Source of classification or shelving scheme Dewey Decimal Classification
Koha item type Books
Holdings
Source of classification or shelving scheme Damaged status Not for loan Home library Current library Shelving location Date of accession Cost, normal purchase price Total Checkouts Full call number Barcode Date last seen Date checked out Copy number Method of acquisition Koha item type Currency
Dewey Decimal Classification     JCC Rouf Library JCC Rouf Library General Stacks   1279.00 2 158.1 SYE 2018 20228 12/17/2025 11/04/2025 C-1 Purchase Books BDT
Dewey Decimal Classification     JCC Rouf Library JCC Rouf Library General Stacks   1279.00 1 158.1 SYE 2018 20229 01/27/2026 10/26/2025 C-2 Purchase Books BDT

JCC Library | Contacts | JCC Home

Last Update on 23 September 2017
Copyright @ 2017-2020 JCC Rouf Library
Rouf Library, Jhenidah Cadet College (JCC), Bangladesh